000 03169nam a2200481 a 4500
001 000103206
003 CHAP
005 20251202114106.0
007 cr ||||||a|c|a
008 101104s2010 mx r 00010 spa d
035 _a111327
040 _cCHAP
090 _aTesis
100 1 _aAguilar Cabrera, José Juan
_92664
245 1 0 _aEfecto de la operación de compuertas en el régimen no permanente en canales de riego
_c/por José Juan Aguilar Cabrera ; director de tesis Ramón Eduardo Arteaga Tovar.
264 _aChapingo, Méx. :
_bEl autor,
_c2010.
300 _a1 recurso en línea (196 páginas):
_bcuadros, figuras.
336 _2rdacontent
_atexto
_btxt
337 _2rdamedia
_acomputadora
_bc
338 _2rdacarrier
_arecursos en línea
_bcr
502 _aTesis (M. C. en Ingeniería Agrícola y Uso Integral del Agua) -- Departamento de Irrigación ; Departamento de Ingeniería Mecánica Agrícola
_bMIAUIA
_cIrrigación y Mecánica
_d2010.
_gMAE
520 _aEn el presente trabajo se efectúa una valoración del efecto que se tiene en el régimen no permanente del agua en los canales ante la operación de compuertas, ya sea en represas o en tomas laterales, que origina oscilaciones en el nivel del agua en los canales derivando en pérdidas de agua a través de las estructuras de desfogue que se tienen en el sistema de distribución en los Distritos de Riego, las cuales se pueden reducir considerablemente si se introducen esquemas de automatización, ya que con esta tecnología se pueden operar de forma coordinada y con precisión, tanto represas como tomas laterales, en el manejo de las compuertas. Para definir el efecto de operar compuertas en el régimen no permanente en canales, se efectúa una investigación experimental a nivel laboratorio en un modelo de canal de riego que reúne las características de un sistema de distribución, se realizaron cierres y aberturas en compuertas de represas y tomas laterales, para cada uno de estos se midieron los tirantes en todo el canal y se cuantifico el aumento o disminución de estos; obteniendo así los modelos representativos de las compuertas, calibración de los tramos de canal y observación del efecto en el régimen no permanente en el programa HEC-RAS.
590 _aALEPH
_b10
_c20130110
590 _aBATCH-UPD
_b10
_c20130110
590 _aBATCH-UPD
_b10
_c20130410
590 _aBATCH-UPD
_b10
_c20130914
590 _aBATCH-UPD
_b10
_c20140324
590 _aBATCH-UPD
_b10
_c20141002
590 _aBATCH
_b00
_c20181121
590 _aCONVERSION
_b10
_c20130109
590 _aUACH
_b10
_c20130703
590 _aUACH
_b10
_c20130703
650 0 4 _aIrrigación
_xImplementos y maquinaria.
_960421
650 0 4 _aIrrigación
_xInnovaciones tecnológicas.
_960424
700 0 _aArteaga Tovar, Ramón Eduardo
_97731
_eDirector de tesis.
856 _uhttp://10.13.5.2/tesis/111327.pdf
_zDESCARGAR PDF
901 _aBK
942 _cTD
_2Clasificación Universidad Autónoma Chapingo
949 _bBC
_cTES
_d33724002219983
_eTS1
_gDonaciØn
_h51357
_i111327
_sb
949 _bBC
_cTES
_d33724002219991
_eTS2
_fc.2
_h51358
_i111327
_sb
999 _c99669
_d99669